00679nam a2200241 a 4500001001300000003000900013005001700022008004100039020001000080082001600090100002200106245002000128260003400148300000900182500003500191505001300226650002900239700002200268902000800290942000700298952011700305999001500422nice12345678IN_TiNIC20260116012518.0050524s1944 laha grp 000 0 urd  ac10000a922.97bSHU aShurish, Kashmiri aKhutabat-E-Azad aLahorebMaktaba Shahkarc1944 a354p aincludes index and biblioraphy2 aAppendix aAbul Kalam Azad-Speeches1 aShurish, Kashmiri bSRS cBK 001040708StackRoom-aHMIbHMId2007-06-06g100.00l0o922.97 SHUp010965r2007-06-06v100.00w2005-05-24yBK c7302d7302